1844 1568 1602 1210 1730 1701 1926 1686 1189 1538 1037 1835 1572 1037 1362 1563 1841 1693 1057 1974 1497 1287 1478 1954 1323 1461 1873 1534 1765 1903 1454 1333 1596 1738 1930 1442 1386 1850 1702 1532 1294 1384 1288 1612 1490 1179 1979 1239 1538 1228 1689 1895 1398 1940 1546 1124 1464 1006 1426 1805 1132 1860 1495 1685 1076 1501 1583 1840 1139 1080 1251 1526 1713 1468 1151 1055 1256 1393 1014 1785 1992 1856 1682 1555 1475 1507 1840 1443 1566 1692 1183 2000 1663 1190 1472 1768 1262 1036 1319 BCNSPRNW ULIB Ver.6.0+V

เปลี่ยนเป็นภาษาไทย

Change to English
 แสดงรายละเอียดบรรณานุกรม
  กลับหน้าหลัก

Brief Record : Get Marc (ISO 2709) : E-mail record : QR code < ปิดหน้าต่าง
LEADER : 00000nam 2200000uu 4500
001    13399127957
003     ULIB
008    211117s2563||||th 000 0 tha d
020 ^  ^a9786160041169
050 ^  ^aนว^bก832ก
100 0  ^aเก้าแต้ม.
245 1  ^aกรงเล็บอินทรี /^cเก้าแต้ม.
250 ^  ^aพิมพ์ครั้งที่ 1.
260 ^  ^aกรุงเทพฯ :^bพิมพ์คำ,^c2563.
300 ^  ^a415 หน้า ;^c21 ซม.
650 ^  ^aนวนิยาย.
945    ^p290^l0^i008547
999    ^aประนอม เกษจรัล
รายการนี้ยังไม่มีแท็ก
คุณยังไม่ได้ล็อกอิน คุณสามารถมีกิจกรรมร่วมกับเว็บไซต์ได้ แต่ต้องล็อกอินก่อน ::
  ล็อกอิน

รายการสื่อสารสนเทศ

ลำดับที่ ประเภท เลขเรียก/บาร์โค้ด สถานที่ สถานะ
1. นวนิยาย
นวนิยาย
นว ก832ก ฉ.1 
  Barcode: 008547
ห้องสมุดวิทยาเขตสวรรค์ประชารักษ์
►นวนิยาย
บนชั้น
  ขอยืม

รายการใกล้เคียง
    ผู้แต่ง [เก้าแต้ม.]

    หัวเรื่อง [นวนิยาย.]

BibComment


ยังไม่เคยถูกคอมเมนท์

คอมเมนท์ทรัพยากรรายการนี้
  คอมเมนท์: กรงเล็บอินทรี เ..


 Copyright 2026. Bcnsprnw @Library